000
00313nam a22001337a 4500
003
SGT
020
_a
978-81-8457-581-1
082
_a
362.4
_b
VER
100
_a
VERMA, RAJESH KR.
245
_a
DISABILITY PERSPECTIVE IN REHABILITATION
260
_a
DELHI
_b
KANISHKA PUB.
_c
2022
300
_a
75
942
_2
ddc
_c
BK
999
_c
23178
_d
23178